Dialects of American English

Uloženo v:
Podrobná bibliografie
Hlavní autor: Reed, Carroll E (Autor)
Médium: Kniha
Jazyk:angličtina
Vydáno: The University of Massachusetts Press 1977
Témata:
Tagy: Přidat tag
Žádné tagy, Buďte první, kdo vytvoří štítek k tomuto záznamu!

MARC

LEADER 00000cam a2200000 a 4500
001 UCF5961
003 CL-VaPUC
008 130404e19770000US |||||||||||||||||eng|d
020 |a 0870232339 
082 0 4 |a 400  |b REE  |2 21 
100 0 |a Reed, Carroll E  |e author  |9 567988 
245 1 0 |a Dialects of American English 
300 |a 135 p 
942 |c BK 
945 |d 20130404 00:00:00  |a dcastane 
260 |b The University of Massachusetts Press  |c 1977 
650 7 |a JERGAS  |2 CL-VaPUC  |9 464890 
650 7 |a DIALECTOS  |2 CL-VaPUC  |9 348323 
650 7 |a IDIOMAS  |2 CL-VaPUC  |9 567989 
650 0 |a Lingüística  |9 265068 
650 0 |a Lengua inglesa  |9 318842 
583 |a last modification  |c 20130404 09:53:00  |k Rodrigo Vera 
999 |c 351354  |d 351352 
952 |0 0  |1 0  |4 0  |6 400_000000000000000_REE_1977  |7 0  |8 A  |9 455402  |a BIBEDU  |b BIBEDU  |d 2019-11-22  |i 4809947  |o 400 REE 1977  |p 4809947  |r 2019-11-22  |w 2019-11-22  |y BK  |k LIT